Statistics for Все треки Серёги Пирата

Click here to take the quiz!

General Stats

  • This quiz has been taken 15 times
  • The average score is 12 of 27

Answer Stats

HintAnswer% Correct
2024, featЧСВ
100%
2024В этой траве
64%
2023, featЗомби апокалипсис
64%
2022Мой байк
57%
2020Гимн Дахака
50%
2024Наталия
50%
2021Апельсин
43%
2021Извини, сегодня праздник
43%
2021Маша
43%
2021Тп на аме
43%
2021, featЯ сворую бабки
43%
2021На луне
43%
2023#деньгименяют
43%
2022Рассел кроу
43%
2023Качалка
43%
2022Ну и что, что я вор?
36%
2023Я поднимаю свою голову вверх
36%
2022Шизоид
36%
2021Мой топор
36%
2023Хейтеры
36%
2021Я это я
36%
2023, featя не боюсь ошибаться
36%
2023, featкак же он силён
36%
2021А ты?
36%
2021Вайбмен
36%
2021Почему ты ещё не фанат?
29%
2021Я взлетаю вверх
29%

Score Distribution

Percentile by Number Answered

Percent of People with Each Score

Your Score History

You have not taken this quiz